Schweizerdeutsch Quiz 1# - Statistiken

Allgemein
  • Dieses Quiz wurde 95 mal gespielt
  • Das Durchschnittsergebnis liegt bei 13 aus 30
Antwortstatistiken
Schweizerdeutsch Deutsch % Korrekt
Velo Fahrrad
94%
Schoggi Schokolade
85%
Härdöpfel Kartoffel
74%
Kafi Kaffee
70%
Pneu Reifen
69%
Büürli Brötchen
68%
Buur Bauer
60%
Anken Butter
56%
Natel Handy
56%
Znacht Abendessen
54%
Postauto Bus
53%
Gipfeli Croissant
52%
poschten einkaufen
47%
es bitzli ein bisschen
46%
pfuusen schlafen
44%
Chiile, Chilche Kirche
41%
Hitsgi Schluckauf
40%
Badi Schwimmbad
38%
zügeln umziehen
37%
Glett-ise Bügeleisen
36%
Gagi Kacke
31%
Gigampfi Schaukel
25%
Hoigümper Heuschrecke
23%
Chrömli, Guetzli Kekse
23%
Örgeli Handorgel
17%
Znüni Pausenbrot
17%
Chilbi Jahrmarkt
12%
Weggli Weggen
12%
Füdli Gesäss
11%
schwafle tratschen
7%
Keine übereinstimmenden Quizze gefunden
Verteilung der Resultate
Anzahl Personen mit jedem Resultat
Perzentil nach korrekt beantworteten Fragen
Ihre Resultats-Entwicklung
Sie haben dieses Quiz noch nicht gespielt